| 000 | 01049cam a22002771i 4500 | ||
|---|---|---|---|
| 003 | SA-RiAUC | ||
| 005 | 20250602090927.0 | ||
| 008 | 250602s2012 su g 00010 ara c | ||
| 020 | _a9786039023708 | ||
| 040 |
_aSA-MaUQU _bara _cSA-RiAUC _erda |
||
| 082 | 0 | 4 |
_a237.7 _qSA-RiAUC |
| 090 |
_a237.7 _b ا ر ب |
||
| 245 | 0 | 2 |
_aالأربعون المكية / _cجمعها وشرحها طلال بن محمد أبو النور. |
| 250 | _aالطبعة الثانية. | ||
| 264 | 1 |
_aمكة المكرمة : _bجمعية مراكز الأحياء، _c2012 |
|
| 300 |
_a200 صفحة ؛ _c24 سم. |
||
| 336 |
_aنص _btxt _2rdacontent _3كتاب |
||
| 337 |
_aبدون وسيط _bn _2rdamedia |
||
| 338 |
_aمجلد _bnc _2rdacarrier |
||
| 490 | 0 |
_aفي رحاب القداسة ؛ _v2 |
|
| 650 | 7 |
_aالحديث _xالأربعون حديثا _2aucsh |
|
| 650 | 7 |
_aالحديث _xشرح _2aucsh |
|
| 700 | 1 |
_aأبو النور، طلال بن محمد سليمان _eجامع. |
|
| 942 |
_2ddc _cBOOK _n0 |
||
| 949 |
_aSA-JeALM _d250602 _umohamedma123 _n1 |
||
| 999 |
_c8648 _d8648 |
||